| 000 | 00972cam a22002411 4500 | ||
|---|---|---|---|
| 001 | l 33000076 | ||
| 003 | DLC | ||
| 005 | 20260227111534.0 | ||
| 008 | 850812s1933 sz 000 0 eng c | ||
| 010 | _al 33000076 | ||
| 035 | _a(OCoLC)12375595 | ||
| 040 |
_aLibrary, U.S. Dept. of Labor _cCLU _dDLC |
||
| 042 | _apremarc | ||
| 050 | 0 | 0 |
_aHD7825.A3 _bI5 1933 |
| 110 | 2 | _aInternational Labour Office. | |
| 245 | 0 | 0 | _aReport of the governing body of the International Labour Office upon the working of the convention concerning the rights of association and combination of agricultural workers. |
| 260 |
_aGeneva, _bInternational Labour Office, _c1933. |
||
| 300 |
_a13 p. _c31 cm. |
||
| 500 | _aAt head of title: League of nations. International Labour Conference. Seventeenth session. Geneva, 1933. | ||
| 650 | 0 | _aAgricultural laborers. | |
| 650 | 0 | _aLabor laws and legislation, International. | |
| 711 | 2 |
_aInternational Labor Conference. _n17th, _cGeneva, _d1933. |
|
| 999 |
_c36093 _d36093 |
||